• 首页
  • 本馆介绍
  • 公告通知
  • 最新文献
  • 馆藏检索
  • 电子资源
  • 读者导购
  • 参考咨询
  • 我的图书馆
  • 登录
  • 详细信息显示
  • 放入我的书架
  • 预约/预借图书
  • 作者相关作品
  • 分类相关作品
  • 丛书相关作品
  • 出版社相关作品

书目信息

  • 表格格式
  • 工作单格式
  • 卡片格式
题名:
未来10年中国学科发展战略.生物学
    
 
作者: ;国家自然科学基金委员会 , 中国科学院
分册:  
出版信息: 北京   科学出版社  2011
页数: 393
开本: 23cm
丛书名:
单 册:
中图分类: Q-12
科图分类:
主题词: 生物学--现状 , 生物学--概况
电子资源:
ISBN: 7-03-032308-8
000 00771nam0 2200205 450
001 1735846483
005 20170410095726.48
010    @a7-03-032308-8
100    @a20170410d km y0chiy0120 ea
101 0  @achi
200 1  @a未来10年中国学科发展战略.生物学@Awei lai 10 nian zhong guo xue ke fa zhan zhan lue.sheng wu xue@f国家自然科学基金委员会,中国科学院@Fguo jia zi ran ke xue ji jin wei yuan hui,zhong guo ke xue yuan
210    @a北京@c科学出版社@d2011
215    @a393@d23cm
606 0  @a生物学@x现状
606 0  @a生物学@x概况
690    @aQ-12@v4
711 02 @a国家自然科学基金委员会@Aguo jia zi ran ke xue ji jin wei yuan hui
711 02 @a中国科学院@Azhong guo ke xue yuan
801  0 @aCN@b大连网信软件有限公司图书馆·11@c20170410
905    @b6604127@dQ-12@en1@f1
    
    未来10年中国学科发展战略.生物学/国家自然科学基金委员会,中国科学院.-北京:科学出版社,2011
    393;23cm
    
    
    ISBN 7-03-032308-8:
    
●
相关链接 在E读中查询图书 在五车中查询图书 在当当中查询图书 在豆瓣中查询图书


正题名:未来10年中国学科发展战略·生物学     索取号:Q-12/n1         预约/预借

序号 登录号 条形码 馆藏地/架位号 状态 备注
1 6604127   266041277   密集书库-生命科学系/ [索取号:Q-12/n1] 在馆    
唐山师范学院图书馆 欢迎您!
大连网信软件有限公司© 版权所有